[Event "POL-chT2"]
[Site "Poronin"]
[Date "2013.09.12"]
[Round "6.90"]
[White "Buksa, Ewelina"]
[Black "Gorczyca, Dominika"]
[Result "1/2-1/2"]
[WhiteElo "1617"]
[BlackElo "1885"]
[PlyCount "62"]
[EventDate "2013.09.06"]
[EventType "team-swiss"]
[EventRounds "9"]
[EventCountry "POL"]
[SourceTitle "EXT 2015"]
[Source "ChessBase"]
[SourceDate "2014.11.20"]
[SourceVersion "1"]
[SourceVersionDate "2014.11.20"]
[SourceQuality "1"]
[WhiteTeam "Prudnik LKS Zarzewie"]
[BlackTeam "Ruda Slaska KS DORS"]
[WhiteTeamCountry "POL"]
[BlackTeamCountry "POL"]

1. e4 c5 2. Nf3 Nc6 3. d4 cxd4 4. Nxd4 Nf6 5. Nc3 e6 6. Be3 Bb4 7. f3 Qa5 8. Qd2 0-0 9. Bd3 d5 10. 0-0 e5 11. Nb3 Qd8 12. exd5 Nxd5 13. Bxh7+ Kxh7 14. Qxd5 Be6 15. Qxd8 Rfxd8 16. Rfd1 Rdc8 17. Ne4 Bf5 18. c3 Bxe4 19. fxe4 Be7 20. Rd7 b6 21. Rad1 f6 22. Kf2 Bf8 23. Nd2 Ne7 24. Nf3 Rc4 25. Nd2 Ra4 26. Ra1 Nc8 27. Rd8 Be7 28. Rd7 Bf8 29. Rd8 Be7 30. Rd7 Bf8 31. Rd8 Be7 1/2-1/2

[Event "POL-chT2"]
[Site "Poronin"]
[Date "2013.09.09"]
[Round "3.90"]
[White "Gorczyca, Dominika"]
[Black "Turzynska, Grazyna"]
[Result "1-0"]
[WhiteElo "1885"]
[BlackElo "1476"]
[PlyCount "117"]
[EventDate "2013.09.06"]
[EventType "team-swiss"]
[EventRounds "9"]
[EventCountry "POL"]
[SourceTitle "EXT 2015"]
[Source "ChessBase"]
[SourceDate "2014.11.20"]
[SourceVersion "1"]
[SourceVersionDate "2014.11.20"]
[SourceQuality "1"]
[WhiteTeam "Ruda Slaska KS DORS"]
[BlackTeam "Chojnice UKS Osemka"]
[WhiteTeamCountry "POL"]
[BlackTeamCountry "POL"]

1. d4 d5 2. Nf3 Nf6 3. c4 e6 4. Nc3 Nbd7 5. Bg5 Be7 6. e3 a6 7. a3 0-0 8. Rc1 dxc4 9. Bxc4 b5 10. Bd3 c5 11. 0-0 Bb7 12. Bb1 Rc8 13. Qe2 cxd4 14. exd4 Nb6 15. Qd3 g6 16. Ne5 Nbd5 17. Ne2 Qd6 18. Qh3 Nd7 19. Nf3 Rfe8 20. Be4 Rxc1 21. Rxc1 Bxg5 22. Nxg5 Nf8 23. Qf3 Qe7 24. Nh3 Rb8 25. Nhf4 Nxf4 26. Qxf4 Rc8 27. Rxc8 Bxc8 28. Qb8 Qd7 29. g3 Kg7 30. Bf3 a5 31. Nc3 Ba6 32. Qb6 b4 33. axb4 axb4 34. Qxa6 bxc3 35. bxc3 Qc7 36. Qc6 Qa5 37. Kg2 h5 38. c4 Nh7 39. d5 exd5 40. cxd5 Ng5 41. h4 Nxf3 42. Kxf3 Qd8 43. Qc3+ Kf8 44. Qh8+ Ke7 45. Qxd8+ Kxd8 46. Ke4 Kd7 47. f4 Kd6 48. Kd4 f6 49. Kc4 Kd7 50. Kc5 Kc7 51. d6+ Kd8 52. Kc6 Kc8 53. d7+ Kd8 54. Kd6 g5 55. hxg5 fxg5 56. fxg5 h4 57. g6 h3 58. g7 h2 59. g8Q# 1-0

[Event "POL-chT2"]
[Site "Poronin"]
[Date "2013.09.08"]
[Round "2.72"]
[White "Swiatnicka, Malgorzata"]
[Black "Gorczyca, Dominika"]
[Result "1-0"]
[WhiteElo "1843"]
[BlackElo "1885"]
[PlyCount "65"]
[EventDate "2013.09.06"]
[EventType "team-swiss"]
[EventRounds "9"]
[EventCountry "POL"]
[SourceTitle "EXT 2015"]
[Source "ChessBase"]
[SourceDate "2014.11.20"]
[SourceVersion "1"]
[SourceVersionDate "2014.11.20"]
[SourceQuality "1"]
[WhiteTeam "Konin Hetman"]
[BlackTeam "Ruda Slaska KS DORS"]
[WhiteTeamCountry "POL"]
[BlackTeamCountry "POL"]

1. e4 b6 2. d4 Bb7 3. Nc3 e6 4. f4 Bb4 5. Bd3 c5 6. a3 cxd4 7. axb4 dxc3 8. bxc3 Ne7 9. Qg4 Ng6 10. h4 h5 11. Qg3 Qc7 12. Bd2 Nc6 13. Nf3 Nce7 14. Nd4 a6 15. e5 b5 16. 0-0-0 0-0-0 17. Qf2 Bd5 18. Bxb5 Qb7 19. Bf1 d6 20. c4 Be4 21. exd6 Rxd6 22. Nb3 Rhd8 23. c5 Qc6 24. Qe2 Nf5 25. Rh3 Ngxh4 26. Rc3 Nd4 27. Nxd4 Rxd4 28. Qxa6+ Qxa6 29. Bxa6+ Kb8 30. c6 Kc7 31. b5 Rb8 32. Rh3 Nxg2 33. Ba5+ 1-0

[Event "POL-chT 2nd League"]
[Site "Mrzezyno"]
[Date "2011.09.07"]
[Round "5.36"]
[White "Gorczyca, Dominika"]
[Black "Garbowska, Hanna"]
[Result "0-1"]
[WhiteElo "1925"]
[BlackElo "2025"]
[PlyCount "74"]
[EventDate "2011.09.03"]
[EventType "team-swiss"]
[EventRounds "9"]
[EventCountry "POL"]
[SourceTitle "EXT 2015"]
[Source "ChessBase"]
[SourceDate "2014.11.20"]
[SourceVersion "1"]
[SourceVersionDate "2014.11.20"]
[SourceQuality "1"]
[WhiteTeam "Gliwice Roszada Sikornik"]
[BlackTeam "Torun AZS UMK"]
[WhiteTeamCountry "POL"]
[BlackTeamCountry "POL"]

1. d4 d5 2. Nf3 e6 3. g3 Nf6 4. Bg2 Be7 5. 0-0 0-0 6. Nbd2 b6 7. Ne5 Bb7 8. b3 Nbd7 9. Bb2 c5 10. e3 Rc8 11. Rc1 Qc7 12. f4 Ne4 13. g4 cxd4 14. Nxe4 Nxe5 15. Ng3 Ng6 16. Nh5 f6 17. Qxd4 Bc5 18. Qd2 Nh4 19. b4 Nxg2 20. bxc5 d4 21. exd4 Nh4 22. Qe2 Qc6 23. Ng3 bxc5 24. Ba3 Qd5 25. Bxc5 Rxc5 26. dxc5 Qxc5+ 27. Rf2 e5 28. f5 Rd8 29. Kf1 Qc6 30. c4 Rd4 31. g5 Ba6 32. Kg1 Bb7 33. Rc3 Qd6 34. Rc1 Qc5 35. Kf1 Bf3 36. Rxf3 Nxf3 37. Qxf3 Rf4 0-1

[Event "POL-chT 2nd League"]
[Site "Mrzezyno"]
[Date "2011.09.05"]
[Round "3.24"]
[White "Bednarska, Malgorzata"]
[Black "Gorczyca, Dominika"]
[Result "1-0"]
[WhiteElo "2137"]
[BlackElo "1925"]
[PlyCount "47"]
[EventDate "2011.09.03"]
[EventType "team-swiss"]
[EventRounds "9"]
[EventCountry "POL"]
[SourceTitle "EXT 2015"]
[Source "ChessBase"]
[SourceDate "2014.11.20"]
[SourceVersion "1"]
[SourceVersionDate "2014.11.20"]
[SourceQuality "1"]
[WhiteTeam "Warszawa YMCA"]
[BlackTeam "Gliwice Roszada Sikornik"]
[WhiteTeamCountry "POL"]
[BlackTeamCountry "POL"]

1. e4 c5 2. Nf3 Nc6 3. d4 cxd4 4. Nxd4 Nf6 5. Nc3 e6 6. Ndb5 d6 7. Bf4 e5 8. Bg5 a6 9. Na3 b5 10. Bxf6 gxf6 11. Nd5 f5 12. c3 Bg7 13. exf5 Bxf5 14. Nc2 0-0 15. Nce3 Be6 16. a4 Rb8 17. axb5 axb5 18. Ra6 Na5 19. Rxd6 Qg5 20. h4 Qh6 21. Nf5 Bxf5 22. Rxh6 Be4 23. Nf6+ Kh8 24. Qh5 1-0

[Event "POL-chT 2nd League"]
[Site "Mrzezyno"]
[Date "2011.09.04"]
[Round "2"]
[White "Gorczyca, Dominika"]
[Black "Starczewska, Dominika"]
[Result "0-1"]
[WhiteElo "1925"]
[BlackElo "1910"]
[PlyCount "52"]
[EventDate "2011.09.03"]
[EventType "team-swiss"]
[EventRounds "9"]
[EventCountry "POL"]
[SourceTitle "EXT 2015"]
[Source "ChessBase"]
[SourceDate "2014.11.20"]
[SourceVersion "1"]
[SourceVersionDate "2014.11.20"]
[SourceQuality "1"]
[WhiteTeam "Gliwice Roszada Sikornik"]
[BlackTeam "Bogatynia UKS SP3"]
[WhiteTeamCountry "POL"]
[BlackTeamCountry "POL"]

1. d4 f5 2. Nf3 g6 3. g3 Nf6 4. Bg2 Bg7 5. 0-0 0-0 6. c3 Kh8 7. Bg5 d6 8. Nbd2 Qe8 9. Qb3 e5 10. dxe5 dxe5 11. e4 Nbd7 12. exf5 gxf5 13. Nh4 Nc5 14. Qc4 Ne6 15. f4 Ng4 16. Qe2 h6 17. Nxf5 Rxf5 18. Be4 Rf8 19. h3 Nf6 20. Bxf6 Rxf6 21. fxe5 Rxf1+ 22. Rxf1 Ng5 23. Bc2 Bxh3 24. Re1 Rd8 25. Nf3 Bg4 26. Be4 Qh5 0-1

[Event "POL-chT 2nd League"]
[Site "Miedzyzdroje"]
[Date "2009.09.18"]
[Round "7"]
[White "Gorczyca, Dominika"]
[Black "Bursa, Renata"]
[Result "1/2-1/2"]
[WhiteElo "1985"]
[BlackElo "2018"]
[PlyCount "79"]
[EventDate "2009.09.12"]
[EventType "team-swiss"]
[EventRounds "9"]
[EventCountry "POL"]
[SourceTitle "EXT 2019"]
[Source "ChessBase"]
[SourceDate "2018.10.10"]
[SourceVersion "1"]
[SourceVersionDate "2018.10.10"]
[SourceQuality "1"]
[WhiteTeam "Gliwice Roszada Sikornik"]
[BlackTeam "Torun Torfarm 64"]
[WhiteTeamCountry "POL"]
[BlackTeamCountry "POL"]

1. d4 d5 2. Nf3 Nf6 3. g3 e6 4. Bg2 Bd6 5. 0-0 0-0 6. Nbd2 Nbd7 7. Re1 e5 8. dxe5 Nxe5 9. b3 c6 10. Bb2 Re8 11. Rc1 a5 12. c4 Qb6 13. Qc2 dxc4 14. Nxe5 Bxe5 15. Nxc4 Qa7 16. Nxe5 Be6 17. e3 Nd5 18. a3 f6 19. Nd3 Bf7 20. Nf4 Ne7 21. Be4 h6 22. Rcd1 Qb6 23. Rd3 Qb5 24. Red1 a4 25. bxa4 Rxa4 26. Rd8 Ra8 27. Rxa8 Rxa8 28. Rd7 Re8 29. Bg6 Nxg6 30. Nxg6 Be6 31. Rc7 Bh3 32. Qc1 Re4 33. Qd1 Kh7 34. Nf8+ Kg8 35. Ng6 Kh7 36. Nf8+ Kg8 37. Bxf6 gxf6 38. Ng6 c5 39. Qd5+ Re6 40. Qd8+ 1/2-1/2

[Event "POL-chT 2nd League"]
[Site "Miedzyzdroje"]
[Date "2009.09.16"]
[Round "5"]
[White "Kotermanska, Anna"]
[Black "Gorczyca, Dominika"]
[Result "1-0"]
[WhiteElo "1963"]
[BlackElo "1985"]
[PlyCount "31"]
[EventDate "2009.09.12"]
[EventType "team-swiss"]
[EventRounds "9"]
[EventCountry "POL"]
[SourceTitle "EXT 2019"]
[Source "ChessBase"]
[SourceDate "2018.10.10"]
[SourceVersion "1"]
[SourceVersionDate "2018.10.10"]
[SourceQuality "1"]
[WhiteTeam "Olsztyn AZS UWM"]
[BlackTeam "Gliwice Roszada Sikornik"]
[WhiteTeamCountry "POL"]
[BlackTeamCountry "POL"]

1. e4 c5 2. c3 Nc6 3. d4 cxd4 4. cxd4 d5 5. exd5 Qxd5 6. Nf3 e6 7. Nc3 Bb4 8. Be2 Nf6 9. 0-0 Qa5 10. Qb3 0-0 11. a3 Be7 12. Be3 Rd8 13. Rfd1 a6 14. Rac1 Bd6 15. d5 exd5 16. Bb6 1-0

[Event "POL-chT3 Slaskie"]
[Site "Poland"]
[Date "2008.03.02"]
[Round "6.36"]
[White "Gonsior, Monika"]
[Black "Gorczyca, Dominika"]
[Result "1/2-1/2"]
[WhiteElo "2149"]
[BlackElo "1997"]
[PlyCount "76"]
[EventDate "2008.02.03"]
[EventType "team-swiss"]
[EventRounds "9"]
[EventCountry "POL"]
[SourceTitle "EXT 2019"]
[Source "ChessBase"]
[SourceDate "2018.10.10"]
[SourceVersion "1"]
[SourceVersionDate "2018.10.10"]
[SourceQuality "1"]

1. e4 c5 2. Nf3 Nc6 3. Nc3 Nf6 4. Bc4 e6 5. Qe2 a6 6. e5 Ng8 7. d3 b5 8. Bb3 d5 9. exd6 Bxd6 10. Bg5 Nf6 11. a4 b4 12. Ne4 Be7 13. Ned2 0-0 14. 0-0 Bb7 15. Rfe1 Nd5 16. Be3 Nxe3 17. fxe3 Qc7 18. Qf2 Bf6 19. Rab1 Ne5 20. Kh1 Rad8 21. Qg3 Qd6 22. Qh3 Bd5 23. Nxe5 Bxe5 24. Bc4 Qc6 25. e4 Bf4 26. exd5 exd5 27. Bxd5 Rxd5 28. Nc4 Bc7 29. b3 Qg6 30. Re4 h6 31. Rbe1 Rh5 32. Rh4 Rf5 33. Ne3 Re5 34. Rf1 Rfe8 35. Rf3 Qg5 36. Nf1 Re1 37. Re4 R8xe4 38. dxe4 Rxe4 1/2-1/2

[Event "POL-chT3 Liga Slaska"]
[Site "Poland"]
[Date "2007.05.13"]
[Round "9"]
[White "Krajewska, Katarzyna"]
[Black "Gorczyca, Dominika"]
[Result "1/2-1/2"]
[WhiteElo "1989"]
[BlackElo "1983"]
[PlyCount "24"]
[EventDate "2007.01.28"]
[EventType "team-swiss"]
[EventRounds "9"]
[EventCountry "POL"]
[SourceTitle "EXT 2011"]
[Source "ChessBase"]
[SourceDate "2010.11.26"]
[SourceVersion "1"]
[SourceVersionDate "2010.11.26"]
[SourceQuality "1"]
[WhiteTeam "Dabrowa Gornicza Zaglebie"]
[BlackTeam "Gliwice Roszada Fluor"]
[WhiteTeamCountry "POL"]
[BlackTeamCountry "POL"]

1. d4 Nf6 2. c4 e6 3. Nf3 d5 4. Nc3 Be7 5. e3 0-0 6. Bd3 c5 7. 0-0 dxc4 8. Bxc4 b6 9. d5 exd5 10. Nxd5 Bb7 11. Nxe7+ Qxe7 12. b3 Nc6 1/2-1/2

[Event "POL-chT3 Liga Slaska"]
[Site "Poland"]
[Date "2007.05.12"]
[Round "8"]
[White "Gorczyca, Dominika"]
[Black "Krasnodebska, Magdalena"]
[Result "1-0"]
[WhiteElo "1983"]
[BlackElo "1975"]
[PlyCount "49"]
[EventDate "2007.01.28"]
[EventType "team-swiss"]
[EventRounds "9"]
[EventCountry "POL"]
[SourceTitle "EXT 2011"]
[Source "ChessBase"]
[SourceDate "2010.11.26"]
[SourceVersion "1"]
[SourceVersionDate "2010.11.26"]
[SourceQuality "1"]
[WhiteTeam "Gliwice Roszada Fluor"]
[BlackTeam "Gliwice Politechnika Slaska II"]
[WhiteTeamCountry "POL"]
[BlackTeamCountry "POL"]

1. d4 d5 2. Nf3 Nf6 3. c4 dxc4 4. Nc3 a6 5. a4 Bf5 6. Bg5 Nc6 7. e3 Na5 8. Ne5 c5 9. Nxc4 Nxc4 10. Bxc4 cxd4 11. Qb3 Be6 12. Bxe6 fxe6 13. Rd1 Nd5 14. Rxd4 Rc8 15. 0-0 Qb6 16. Qc2 Nxc3 17. bxc3 e5 18. Qf5 Qc7 19. Rd5 g6 20. Qe6 Qc6 21. Qxe5 Qxc3 22. Rd4 Rg8 23. Rfd1 Rg7 24. Rd8+ Kf7 25. Qd5+ 1-0

[Event "POL-chT3 Liga Slaska"]
[Site "Poland"]
[Date "2007.03.18"]
[Round "6"]
[White "Gorczyca, Dominika"]
[Black "Nowakowska, Agnieszka"]
[Result "0-1"]
[WhiteElo "1983"]
[BlackElo "1736"]
[PlyCount "38"]
[EventDate "2007.01.28"]
[EventType "team-swiss"]
[EventRounds "9"]
[EventCountry "POL"]
[SourceTitle "EXT 2011"]
[Source "ChessBase"]
[SourceDate "2010.11.26"]
[SourceVersion "1"]
[SourceVersionDate "2010.11.26"]
[SourceQuality "1"]
[WhiteTeam "Gliwice Roszada Fluor"]
[BlackTeam "Gliwice Carbo"]
[WhiteTeamCountry "POL"]
[BlackTeamCountry "POL"]

1. d4 d5 2. Nf3 Bg4 3. c4 dxc4 4. Nc3 e6 5. Ne5 Bh5 6. Qa4+ Nd7 7. Qxc4 Ngf6 8. Bg5 Be7 9. Nb5 c6 10. Nxd7 Qxd7 11. Nc3 0-0 12. e3 Rac8 13. Bd3 c5 14. Bxf6 Bxf6 15. dxc5 Rfd8 16. Be2 Qd2+ 17. Kf1 Qxb2 18. Rd1 Bxe2+ 19. Qxe2 Bxc3 0-1

[Event "POL-chT 2nd League"]
[Site "Lublin"]
[Date "2006.09.09"]
[Round "8.66"]
[White "Rzepecka, Dorota"]
[Black "Gorczyca, Dominika"]
[Result "1/2-1/2"]
[WhiteElo "1923"]
[BlackElo "1956"]
[PlyCount "31"]
[EventDate "2006.09.02"]
[EventType "team-swiss"]
[EventRounds "9"]
[EventCountry "POL"]
[SourceTitle "EXT 2019"]
[Source "ChessBase"]
[SourceDate "2018.10.10"]
[SourceVersion "1"]
[SourceVersionDate "2018.10.10"]
[SourceQuality "1"]
[WhiteTeam "Miedzyborow Wrzos"]
[BlackTeam "Gliwice Roszada"]
[WhiteTeamCountry "POL"]
[BlackTeamCountry "POL"]

1. e4 c5 2. c3 Nc6 3. d4 cxd4 4. cxd4 d5 5. exd5 Qxd5 6. Nf3 e6 7. Be2 Nf6 8. Nc3 Qd8 9. 0-0 Be7 10. h3 0-0 11. Be3 b6 12. Ne5 Bb7 13. Bf3 Nd5 14. Nxd5 exd5 15. Rc1 Rc8 16. Nxc6 1/2-1/2

[Event "POL-chT 2nd League"]
[Site "Lublin"]
[Date "2006.09.08"]
[Round "7.54"]
[White "Bukowska, Katarzyna"]
[Black "Gorczyca, Dominika"]
[Result "1/2-1/2"]
[WhiteElo "2018"]
[BlackElo "1956"]
[PlyCount "61"]
[EventDate "2006.09.02"]
[EventType "team-swiss"]
[EventRounds "9"]
[EventCountry "POL"]
[SourceTitle "EXT 2019"]
[Source "ChessBase"]
[SourceDate "2018.10.10"]
[SourceVersion "1"]
[SourceVersionDate "2018.10.10"]
[SourceQuality "1"]
[WhiteTeam "Pruszcz Jantar"]
[BlackTeam "Gliwice Roszada"]
[WhiteTeamCountry "POL"]
[BlackTeamCountry "POL"]

1. e4 c5 2. Nf3 Nc6 3. d4 cxd4 4. Nxd4 Nf6 5. Nc3 e6 6. Be2 Bb4 7. 0-0 Bxc3 8. bxc3 Nxe4 9. Qd3 d5 10. Ba3 Qa5 11. Nb5 a6 12. Nd6+ Nxd6 13. Bxd6 Qd8 14. Qg3 Qf6 15. c4 Bd7 16. cxd5 exd5 17. Bd3 0-0-0 18. Rab1 Bf5 19. Bc7 Rd7 20. Bb6 Bxd3 21. cxd3 h5 22. h4 Re8 23. Rfc1 Qd6 24. Qxg7 f5 25. Qb2 Rg8 26. Bd4 Kb8 27. f4 Nxd4 28. Qxd4 Rdg7 29. Rc2 Rg4 30. Qe5 Qxe5 31. fxe5 1/2-1/2

[Event "POL-chT 58th 2nd League"]
[Site "Wisla"]
[Date "2002.??.??"]
[Round "?"]
[White "Gorczyca, Dominika"]
[Black "Slabek, Agnieszka"]
[Result "0-1"]
[WhiteElo "2003"]
[BlackElo "2085"]
[PlyCount "38"]
[EventDate "2002.08.30"]
[EventType "team-swiss"]
[EventRounds "11"]
[EventCountry "POL"]
[SourceTitle "EXT 2019"]
[Source "ChessBase"]
[SourceDate "2018.10.10"]
[SourceVersion "1"]
[SourceVersionDate "2018.10.10"]
[SourceQuality "1"]

1. Nf3 f5 2. e4 fxe4 3. Ng5 Nf6 4. d3 e5 5. Nxe4 d5 6. Nxf6+ Qxf6 7. Nc3 Be6 8. Be2 Bc5 9. Bh5+ g6 10. Bf3 Nc6 11. 0-0 Rd8 12. Be3 Nd4 13. Bg4 0-0 14. Na4 Bd6 15. c3 Qh4 16. Bxe6+ Nxe6 17. g3 Qh3 18. d4 Nf4 19. Qf3 Ne6 0-1

[Event "POL-chT2 South"]
[Site "Ustron"]
[Date "2001.09.??"]
[Round "?"]
[White "Gorczyca, Dominika"]
[Black "Bednarska, Malgorzata"]
[Result "0-1"]
[WhiteElo "2069"]
[BlackElo "2223"]
[PlyCount "62"]
[EventDate "2001.09.14"]
[EventType "team-swiss"]
[EventRounds "10"]
[EventCountry "POL"]
[SourceTitle "EXT 2019"]
[Source "ChessBase"]
[SourceDate "2018.10.10"]
[SourceVersion "1"]
[SourceVersionDate "2018.10.10"]
[SourceQuality "1"]

1. d4 Nf6 2. c4 g6 3. Nc3 d5 4. Nf3 Bg7 5. Bg5 Ne4 6. Bf4 Nxc3 7. bxc3 0-0 8. e3 c5 9. cxd5 Qxd5 10. Be2 cxd4 11. cxd4 Qa5+ 12. Qd2 Qxd2+ 13. Kxd2 Nc6 14. Rhd1 b6 15. Rac1 Bb7 16. Ke1 Rac8 17. a3 e6 18. Rc3 Nxd4 19. Rxc8 Nxf3+ 20. Bxf3 Bxc8 21. Bc6 Bc3+ 22. Ke2 Ba6+ 23. Kf3 Rc8 24. Bd7 Rc4 25. Bh6 Bb7+ 26. Kg3 Bf6 27. Bb5 Rc7 28. f3 a6 29. Bd7 Bd5 30. Ba4 b5 31. e4 Bb7 0-1

[Event "POL-chT2 South"]
[Site "Ustron"]
[Date "2001.09.??"]
[Round "?"]
[White "Gorczyca, Dominika"]
[Black "Kempa, Sabina"]
[Result "1/2-1/2"]
[WhiteElo "2069"]
[BlackElo "2024"]
[PlyCount "100"]
[EventDate "2001.09.14"]
[EventType "team-swiss"]
[EventRounds "10"]
[EventCountry "POL"]
[SourceTitle "EXT 2019"]
[Source "ChessBase"]
[SourceDate "2018.10.10"]
[SourceVersion "1"]
[SourceVersionDate "2018.10.10"]
[SourceQuality "1"]

1. d4 d5 2. c4 e6 3. Nc3 Nf6 4. Nf3 Be7 5. Bg5 0-0 6. e3 b6 7. Rc1 Bb7 8. Bxf6 Bxf6 9. cxd5 exd5 10. b4 Be7 11. Qb3 a5 12. b5 Qd6 13. Bd3 Nd7 14. 0-0 Rac8 15. Rc2 c5 16. bxc6 Bxc6 17. Bf5 Rb8 18. Bxd7 Bxd7 19. Nxd5 Bd8 20. Nc3 b5 21. Ne4 Qb6 22. Nc5 a4 23. Qd3 Qd6 24. Nxd7 Qxd7 25. Rfc1 Bf6 26. h3 Rb7 27. Nd2 Rfb8 28. a3 b4 29. axb4 Rxb4 30. Rc7 Qe8 31. Qc3 g6 32. Ra7 R8b7 33. Rxb7 Rxb7 34. Qa5 Qb5 35. Rc8+ Kg7 36. Qa8 Be7 37. Nc4 Qd7 38. Kh2 Ra7 39. Qb8 a3 40. Rg8+ Kh6 41. Rh8 Qc7+ 42. Qxc7 Rxc7 43. Nxa3 Bxa3 44. Rd8 f5 45. g4 Kg5 46. Rd5 Kf6 47. Kg3 Rc6 48. Rd7 Bd6+ 49. Kf3 h6 50. Rh7 Bf8 1/2-1/2

[Event "POL-chT2 South"]
[Site "Ustron"]
[Date "2001.09.??"]
[Round "?"]
[White "Zimny, Joanna"]
[Black "Gorczyca, Dominika"]
[Result "1/2-1/2"]
[WhiteElo "2087"]
[BlackElo "2069"]
[PlyCount "46"]
[EventDate "2001.09.14"]
[EventType "team-swiss"]
[EventRounds "10"]
[EventCountry "POL"]
[SourceTitle "EXT 2019"]
[Source "ChessBase"]
[SourceDate "2018.10.10"]
[SourceVersion "1"]
[SourceVersionDate "2018.10.10"]
[SourceQuality "1"]

1. d4 Nf6 2. Nf3 e6 3. Bg5 d5 4. e3 Nbd7 5. Bd3 b6 6. Nbd2 Bb7 7. c3 c5 8. 0-0 Be7 9. Qe2 Ne4 10. Bxe7 Qxe7 11. Ne1 0-0 12. f3 Nxd2 13. Qxd2 e5 14. dxe5 Nxe5 15. Nc2 Rad8 16. Rad1 Rd6 17. Rfe1 Rh6 18. Qf2 Rd8 19. Be2 Rhd6 20. Qf1 Qd7 21. Na3 Bc6 22. b3 Qf5 23. Rd2 Ng6 1/2-1/2

[Event "Nordic-ch"]
[Site "Bergen"]
[Date "2001.08.07"]
[Round "4"]
[White "Gorczyca, Dominika"]
[Black "Christenson, Flemming"]
[Result "0-1"]
[WhiteElo "2069"]
[BlackElo "2218"]
[PlyCount "80"]
[EventDate "2001.08.04"]
[EventType "swiss"]
[EventRounds "9"]
[EventCountry "NOR"]
[SourceTitle "CBM 083 Extra"]
[Source "ChessBase"]
[SourceDate "2001.09.11"]
[SourceVersion "1"]
[SourceVersionDate "2001.09.11"]
[SourceQuality "1"]

1. d4 e6 2. Nf3 d5 3. c4 c6 4. e3 Nf6 5. Nc3 Nbd7 6. b3 Bd6 7. Be2 0-0 8. 0-0 Qe7 9. Bb2 b6 10. a4 Bb7 11. Qc1 Rac8 12. a5 Bb8 13. axb6 axb6 14. Ba3 c5 15. Qb2 Ne4 16. Rfc1 Nxc3 17. Rxc3 Qd6 18. g3 Rfd8 19. Rac1 Qe7 20. cxd5 exd5 21. Bb5 Bd6 22. Bxd7 Rxd7 23. b4 c4 24. b5 Qf6 25. Ne1 Bb8 26. Qe2 Re8 27. Qg4 Bc8 28. Qf3 Qg6 29. Nc2 Ra7 30. Nb4 Bd6 31. Nc2 Bxa3 32. Rxa3 Rxa3 33. Nxa3 Qd3 34. Nb1 Be6 35. Qd1 Ra8 36. Qxd3 cxd3 37. Rd1 Ra1 38. Kf1 Bg4 39. f3 Bxf3 40. Rc1 Rxb1 0-1

[Event "Nordic-ch"]
[Site "Bergen"]
[Date "2001.08.06"]
[Round "3"]
[White "Hagesaether, Paal Vegard"]
[Black "Gorczyca, Dominika"]
[Result "1-0"]
[WhiteElo "2250"]
[BlackElo "2069"]
[PlyCount "63"]
[EventDate "2001.08.04"]
[EventType "swiss"]
[EventRounds "9"]
[EventCountry "NOR"]
[SourceTitle "CBM 083 Extra"]
[Source "ChessBase"]
[SourceDate "2001.09.11"]
[SourceVersion "1"]
[SourceVersionDate "2001.09.11"]
[SourceQuality "1"]

1. c4 Nf6 2. g3 e6 3. Nf3 d5 4. b3 Nbd7 5. Bb2 b6 6. Bg2 Bb7 7. 0-0 Be7 8. d4 0-0 9. cxd5 exd5 10. Nc3 Re8 11. Rc1 Bb4 12. Ne5 Bxc3 13. Bxc3 Ne4 14. Bb2 Nxe5 15. dxe5 c5 16. e3 Qg5 17. Re1 Qh6 18. f3 Ng5 19. h4 Ne6 20. f4 Qg6 21. g4 Nf8 22. h5 Qe6 23. f5 Qd7 24. Qf3 Rab8 25. Qf4 Red8 26. Red1 Qe7 27. Rd2 c4 28. Bd4 cxb3 29. axb3 Qb4 30. Rdc2 Qxb3 31. e6 Qa3 32. Rc7 1-0

[Event "POL-ch U18 Girls"]
[Site "Wisla"]
[Date "2000.??.??"]
[Round "1"]
[White "Chiciak, Malgorzata"]
[Black "Gorczyca, Dominika"]
[Result "0-1"]
[WhiteElo "1600"]
[BlackElo "1800"]
[PlyCount "82"]
[EventDate "2000.02.26"]
[EventType "swiss"]
[EventRounds "10"]
[EventCountry "POL"]
[SourceTitle "EXT 2005"]
[Source "ChessBase"]
[SourceDate "2004.11.15"]
[SourceVersion "1"]
[SourceVersionDate "2004.11.15"]
[SourceQuality "1"]

1. e4 Nc6 2. Nf3 d6 3. Bc4 Nf6 4. d3 g6 5. Nc3 Bg7 6. Bd2 Bg4 7. Bb5 0-0 8. Bxc6 bxc6 9. h3 Bd7 10. 0-0 c5 11. e5 Ne8 12. Re1 e6 13. Qe2 f6 14. exd6 cxd6 15. Rab1 f5 16. a3 h6 17. b4 cxb4 18. axb4 g5 19. g4 fxg4 20. hxg4 e5 21. Nh2 Nf6 22. f3 Bc6 23. d4 exd4 24. Qc4+ d5 25. Qxc6 dxc3 26. Bxc3 Rc8 27. Qe6+ Kh8 28. Bxf6 Rxf6 29. Qe2 Rfc6 30. Rec1 Qc7 31. Nf1 Rxc2 32. Rxc2 Qxc2 33. Qe6 Rf8 34. Re1 Rxf3 35. Qe8+ Rf8 36. Qe3 Qc3 37. Qxc3 Bxc3 38. Rb1 Rf4 39. Nh2 Rxb4 40. Rd1 d4 41. Nf1 Rb2 0-1

[Event "POL-chT2 South U19"]
[Site "Rudnik"]
[Date "2000.??.??"]
[Round "9.2"]
[White "Gawelczyk, Wojciech"]
[Black "Gorczyca, Dominika"]
[Result "1/2-1/2"]
[WhiteElo "1800"]
[BlackElo "1900"]
[PlyCount "41"]
[EventDate "2000.07.20"]
[EventType "team-swiss"]
[EventRounds "10"]
[EventCountry "POL"]
[SourceTitle "EXT 2005"]
[Source "ChessBase"]
[SourceDate "2004.11.15"]
[SourceVersion "1"]
[SourceVersionDate "2004.11.15"]
[SourceQuality "1"]
[WhiteTeam "Rybnik MKSz U19 II"]
[BlackTeam "POL-chT2 South U19 2"]
[WhiteTeamCountry "POL"]
[BlackTeamCountry "POL"]

1. b3 Nf6 2. Bb2 e6 3. e3 d5 4. d4 c5 5. Bd3 Nc6 6. Ne2 b6 7. 0-0 Bb7 8. Nbc3 Qc7 9. Rc1 a6 10. a3 b5 11. dxc5 Bxc5 12. Ng3 0-0 13. Nxb5 axb5 14. Bxf6 gxf6 15. Qh5 f5 16. Qg5+ Kh8 17. Qf6+ Kg8 18. Nxf5 exf5 19. Qg5+ Kh8 20. Qf6+ Kg8 21. Qg5+ 1/2-1/2